It looks like you're offline.
Open Library logo
additional options menu

MARC record from Internet Archive

LEADER: 03105cam 2200457Ia 4500
001 ocm62081901
003 OCoLC
005 20211201204426.0
008 051014s2003 nyu 000 f eng d
040 $aUIU$beng$cUIU$dOCLCG$dOCLCQ$dOCLCA$dOCLCQ$dOCLCO$dOCLCF$dOCLCO$dCNCAR$dKPLCP$dHCO$dAZZPT$dLIQ$dOCLCO$dOCL$dOCLCQ
020 $a0739433903$q(hardcover)
020 $a9780739433904$q(hardcover)
035 $a(OCoLC)62081901
082 04 $a[E]
100 1 $aCzerneda, Julie,$d1955-
245 10 $aHidden in sight /$cJulie E. Czerneda.
260 $aNew York :$bDAW Books :$bElizabeth R. Wollheim, Sheila E. Gilbert, Publishers,$c©2003.
300 $a493 pages ;$c22 cm
336 $atext$btxt$2rdacontent
337 $aunmediated$bn$2rdamedia
338 $avolume$bnc$2rdacarrier
490 0 $aDAW book collectors ;$vno. 1253
490 1 $aWeb shifters ;$v#3
500 $aSequel to: Changing vision.
520 0 $aPicco's moon was where it all began for Esen-alit-Quar, Youngest of Ersh's Web. It was here where Ersh, the Oldest, had chosen to make her home; here, too, where Esen received her early training as a shapeshifter and a member of the Web. When Ersh's Web was destroyed, Esen and her human friend Paul survived, and together they founded Esen's Web, a group composed initially of the two of them but one which expanded slowly to include a chosen few selected by Paul. For in their universe there were all too many species ready to destroy Esen, should they discover her true nature. Still, despite the need for concealment, life had been good to Esen and Paul. They now had well-established identities, a thriving business, and numerous friends. It seemed as though they'd finally created a safe haven for themselves. At least until they received word that someone was mining Picco's Moon, desecrating Ersh's Mountain. Esen and Paul had no choice. They had to go to Picco's Moon and put a stop to the situation. But before they could even set out, they found themselves under attack on every front. Their carefully built haven gone, and loyal friends suddenly transformed into vengeful enemies, was there anywhere Esen and Paul could run, anyone they could turn to for help, any way to defeat a foe they couldn't identify?
650 0 $aQuar, Esen-alit (Fictitious character)$vFiction.
650 0 $aRagem, Paul (Fictitious character)$vFiction.
650 0 $aHuman-alien encounters$vFiction.
650 0 $aScience fiction, Canadian.
650 7 $aHuman-alien encounters.$2fast$0(OCoLC)fst00963475
650 7 $aQuar, Esen-alit (Fictitious character)$2fast$0(OCoLC)fst01085151
650 7 $aRagem, Paul (Fictitious character)$2fast$0(OCoLC)fst01088509
650 7 $aScience fiction, Canadian.$2fast$0(OCoLC)fst01108656
655 0 $aScience fiction, Canadian.
655 4 $aScience fiction.
655 7 $aScience fiction.$2fast$0(OCoLC)fst01726489
655 7 $aFiction.$2fast$0(OCoLC)fst01423787
655 7 $aScience fiction.$2lcgft
800 1 $aCzerneda, Julie,$d1955-$tWeb shifters ;$v#3.
994 $aZ0$bP4A
948 $hNO HOLDINGS IN P4A - 18 OTHER HOLDINGS